[Event "CAN-op (Pinnacle 48th CAN Op Ch)"]
[Site "Toronto CAN"]
[Date "2011.07.10"]
[Round "2"]
[White "Barrios, Felix"]
[Black "Perez Rodriguez, Luis Manuel"]
[Result "0-1"]
[WhiteElo "2467"]
[BlackElo "2172"]
[PlyCount "74"]
[GameId "2160767909707004"]
[EventDate "2011.07.09"]
[EventType "swiss"]
[EventRounds "9"]
[EventCountry "CAN"]
[SourceTitle "EXT 2022"]
[Source "ChessBase"]
[SourceDate "2021.10.06"]
[SourceVersion "1"]
[SourceVersionDate "2021.10.06"]
[SourceQuality "1"]

1. d4 d5 2. c4 c6 3. e3 Nf6 4. Nc3 e6 5. Nf3 Nbd7 6. Qc2 Bd6 7. e4 dxe4 8. Nxe4 Nxe4 9. Qxe4 c5 10. Be2 Nf6 11. Qd3 cxd4 12. Qxd4 e5 13. Qd1 O-O 14. O-O Qc7 15. h3 Qe7 16. Re1 Bf5 17. Qb3 e4 18. Nh2 Rad8 19. Be3 b6 20. a3 Nd7 21. Rad1 Nc5 22. Qa2 Qf6 23. Rd5 Nd3 24. Bxd3 exd3 25. Nf3 Rfe8 26. Rd1 h6 27. Bd4 Qe6 28. Be5 Be4 29. Bxd6 Bxd5 30. cxd5 Qxd6 31. Rxd3 Re2 32. Qb3 Qc5 33. Rd4 Qc1+ 34. Rd1 Qxb2 35. Qxb2 Rxb2 36. Ne5 Rc2 37. Nc6 Rxc6 0-1

[Event "CAN-op (Pinnacle 48th CAN Op Ch)"]
[Site "Toronto CAN"]
[Date "2011.07.10"]
[Round "2"]
[White "Bojkov, Dejan"]
[Black "Yun, Chang"]
[Result "1-0"]
[WhiteElo "2544"]
[BlackElo "1572"]
[PlyCount "61"]
[GameId "2160767909707009"]
[EventDate "2011.07.09"]
[EventType "swiss"]
[EventRounds "9"]
[EventCountry "CAN"]
[SourceTitle "EXT 2022"]
[Source "ChessBase"]
[SourceDate "2021.10.06"]
[SourceVersion "1"]
[SourceVersionDate "2021.10.06"]
[SourceQuality "1"]

1. e4 c5 2. Nf3 d6 3. c3 Nf6 4. Bd3 g6 5. Bc2 Bg7 6. h3 O-O 7. d4 cxd4 8. cxd4 Nc6 9. Nc3 e5 10. d5 Ne7 11. O-O Ne8 12. a4 h6 13. a5 f5 14. exf5 gxf5 15. Nd2 Ng6 16. Nc4 Qh4 17. Ra4 e4 18. f4 Qf6 19. Be3 Nh4 20. Qe1 Rf7 21. Kh2 Bf8 22. Qf2 Kh7 23. Rg1 a6 24. Rb4 Qd8 25. Kh1 Rg7 26. Bb6 Qe7 27. Bd4 Rg8 28. Nb6 Rb8 29. Rc4 Bd7 30. Nxd7 Qxd7 31. Qxh4 1-0

[Event "CAN-op (Pinnacle 48th CAN Op Ch)"]
[Site "Toronto CAN"]
[Date "2011.07.10"]
[Round "2"]
[White "Campbell, Brett"]
[Black "Luo, Zhao Yang"]
[Result "1-0"]
[WhiteElo "2246"]
[BlackElo "1894"]
[PlyCount "67"]
[GameId "2160767909707011"]
[EventDate "2011.07.09"]
[EventType "swiss"]
[EventRounds "9"]
[EventCountry "CAN"]
[SourceTitle "hb 2011"]

1. Nf3 Nf6 2. g3 g6 3. Bg2 Bg7 4. O-O O-O 5. c4 d6 6. d4 c6 7. Nc3 Nbd7 8. e4 a6 9. h3 Qc7 10. a4 e5 11. a5 Re8 12. Re1 b6 13. axb6 Nxb6 14. dxe5 dxe5 15. c5 Nbd7 16. Na4 Bf8 17. Qc2 Rb8 18. Be3 a5 19. Bf1 Nh5 20. Bc4 Ndf6 21. Ng5 Re7 22. Kg2 h6 23. Nf3 g5 24. Nb6 Bxh3+ 25. Kxh3 g4+ 26. Kg2 gxf3+ 27. Kxf3 Nd7 28. Rxa5 Ree8 29. b4 Qd8 30. Ra7 Qf6+ 31. Kg2 Nxb6 32. Bxf7+ Kh8 33. cxb6 Bxb4 34. Rh1 1-0

[Event "CAN-op (Pinnacle 48th CAN Op Ch)"]
[Site "Toronto CAN"]
[Date "2011.07.10"]
[Round "2"]
[White "Chernik, Dmitry"]
[Black "Lacau Rodean, Iulia"]
[Result "1/2-1/2"]
[WhiteElo "1897"]
[BlackElo "2091"]
[PlyCount "110"]
[GameId "2160767909707014"]
[EventDate "2011.07.09"]
[EventType "swiss"]
[EventRounds "9"]
[EventCountry "CAN"]
[SourceTitle "hb 2011"]

1. e4 c5 2. Nf3 d6 3. Bb5+ Bd7 4. Bxd7+ Qxd7 5. b3 Nc6 6. Bb2 e6 7. d4 cxd4 8. Nxd4 Nf6 9. Nd2 Be7 10. O-O O-O 11. Qe2 Rac8 12. c4 a6 13. Kh1 Nxd4 14. Bxd4 b5 15. h3 h6 16. Rfd1 Qb7 17. e5 dxe5 18. Bxe5 Rfd8 19. cxb5 Qxb5 20. Nc4 Rd5 21. Rd3 Rxd3 22. Qxd3 Rd8 23. Qc2 Qd5 24. Rc1 Qd3 25. Qxd3 Rxd3 26. Kg1 Ne4 27. Kf1 Bb4 28. Ke2 Rd5 29. f3 Nc5 30. Rd1 Rxd1 31. Kxd1 Nd3 32. Bd6 Bxd6 33. Nxd6 Nf4 34. b4 Nxg2 35. b5 axb5 36. Nxb5 Ne3+ 37. Kd2 Nd5 38. a4 Kf8 39. a5 Ke7 40. a6 Kd7 41. a7 Nb6 42. Kc3 Kc6 43. Kb4 Nd5+ 44. Kc4 Nb6+ 45. Kb4 e5 46. Ka5 Kb7 47. Kb4 Nc8 48. Kc5 Nxa7 49. Nd6+ Kc7 50. Nxf7 Nc6 51. Kd5 Kd7 52. Nxe5+ Nxe5 53. Kxe5 Ke7 54. h4 g6 55. f4 Kf7 1/2-1/2

[Event "CAN-op (Pinnacle 48th CAN Op Ch)"]
[Site "Toronto CAN"]
[Date "2011.07.10"]
[Round "2"]
[White "Cohen, Lawrence S"]
[Black "Loadman, Ian"]
[Result "0-1"]
[WhiteElo "1993"]
[BlackElo "2218"]
[PlyCount "100"]
[GameId "2160767909707016"]
[EventDate "2011.07.09"]
[EventType "swiss"]
[EventRounds "9"]
[EventCountry "CAN"]
[SourceTitle "EXT 2022"]
[Source "ChessBase"]
[SourceDate "2021.10.06"]
[SourceVersion "1"]
[SourceVersionDate "2021.10.06"]
[SourceQuality "1"]

1. c4 e5 2. g3 Nf6 3. Bg2 c6 4. e3 d5 5. cxd5 cxd5 6. d4 e4 7. Nc3 Be7 8. f3 exf3 9. Nxf3 O-O 10. O-O Nc6 11. Ne5 Be6 12. Nd3 Qd7 13. Nf4 Rfd8 14. Nxe6 Qxe6 15. Bd2 Rac8 16. Qf3 Bb4 17. Qf5 Qxf5 18. Rxf5 Bxc3 19. Bxc3 b5 20. a3 a5 21. Bd2 a4 22. Bc3 Ne7 23. Rff1 Rb8 24. h3 Nc8 25. Bb4 Re8 26. Rfe1 Nb6 27. Bf1 Nc4 28. Bxc4 bxc4 29. Re2 Rb6 30. Rf1 Rbe6 31. Rf3 Ne4 32. Kg2 g6 33. Rf1 Kg7 34. g4 Rh8 35. h4 f6 36. h5 Rhe8 37. Rf4 Rc8 38. Rc2 Ng5 39. Bd2 Rb8 40. hxg6 hxg6 41. Rf2 Rh8 42. Bc1 Rh4 43. Rf4 Ne4 44. Re2 Re8 45. g5 fxg5 46. Rxh4 gxh4 47. Kh3 g5 48. Kg4 Kg6 49. Rg2 Rf8 50. Rg1 Nf2# 0-1

[Event "CAN-op (Pinnacle 48th CAN Op Ch)"]
[Site "Toronto CAN"]
[Date "2011.07.10"]
[Round "2"]
[White "Day, Lawrence"]
[Black "Rozentalis, Eduardas"]
[Result "0-1"]
[WhiteElo "2251"]
[BlackElo "2571"]
[PlyCount "102"]
[GameId "2160767909707018"]
[EventDate "2011.07.09"]
[EventType "swiss"]
[EventRounds "9"]
[EventCountry "CAN"]
[SourceTitle "CBM 143 Extra"]
[Source "ChessBase"]
[SourceDate "2011.08.29"]
[SourceVersion "1"]
[SourceVersionDate "2011.08.29"]
[SourceQuality "1"]

1. Nf3 Nf6 2. d3 d5 3. h3 b5 4. c3 e6 5. Bg5 h6 6. Bxf6 Qxf6 7. Nbd2 Nd7 8. d4 Bb7 9. e3 a6 10. a4 b4 11. a5 Bd6 12. Bd3 O-O 13. O-O c5 14. Bc2 Qe7 15. e4 bxc3 16. bxc3 cxd4 17. cxd4 Rfc8 18. Re1 Bb4 19. Re3 Rc7 20. Rb3 Nf6 21. e5 Ne4 22. Nf1 Bc6 23. Bd3 Bb5 24. Qe2 Nc3 25. Qe3 Ba4 26. Rxa4 Nxa4 27. Ng3 Rc3 28. Rxc3 Nxc3 29. Nh5 Rc8 30. Qf4 Ne4 31. Bxa6 Rc3 32. Bf1 Bxa5 33. Qg4 g6 34. Nf4 Ng5 35. Nh2 h5 36. Nxh5 gxh5 37. Qxh5 Bd8 38. Ng4 Nh7 39. Nh6+ Kg7 40. f4 Qh4 41. Qxf7+ Kxh6 42. Qxe6+ Kg7 43. Qxd5 Nf8 44. f5 Rc1 45. Qb7+ Kh8 46. Qb4 Be7 47. Qd2 Bg5 48. Qd3 Qe1 49. e6 Be3+ 50. Kh2 Qf2 51. e7 Bf4+ 0-1

[Event "CAN-op (Pinnacle 48th CAN Op Ch)"]
[Site "Toronto CAN"]
[Date "2011.07.10"]
[Round "2"]
[White "Fiedler, Brian"]
[Black "Pedersen, Rick"]
[Result "1/2-1/2"]
[WhiteElo "2123"]
[BlackElo "1985"]
[PlyCount "33"]
[GameId "2160767909707023"]
[EventDate "2011.07.09"]
[EventType "swiss"]
[EventRounds "9"]
[EventCountry "CAN"]
[SourceTitle "hb 2011"]

1. Nf3 g6 2. d4 Bg7 3. c4 d6 4. Nc3 Nf6 5. e4 O-O 6. Be2 Nc6 7. O-O e5 8. d5 Ne7 9. b4 Nh5 10. Re1 f5 11. Ng5 Nf6 12. Bf3 h6 13. Ne6 Bxe6 14. dxe6 c6 15. Bb2 Qc7 16. Qb3 Rad8 17. Rad1 1/2-1/2

[Event "CAN-op (Pinnacle 48th CAN Op Ch)"]
[Site "Toronto CAN"]
[Date "2011.07.10"]
[Round "2"]
[White "Finlay, Ian"]
[Black "Coleman, Mike"]
[Result "1/2-1/2"]
[WhiteElo "1984"]
[BlackElo "2162"]
[PlyCount "97"]
[GameId "2160767909707024"]
[EventDate "2011.07.09"]
[EventType "swiss"]
[EventRounds "9"]
[EventCountry "CAN"]
[SourceTitle "EXT 2022"]
[Source "ChessBase"]
[SourceDate "2021.10.06"]
[SourceVersion "1"]
[SourceVersionDate "2021.10.06"]
[SourceQuality "1"]

1. e4 c5 2. Nf3 d6 3. d3 Nc6 4. g3 g6 5. Bg2 Bg7 6. O-O Bd7 7. Nbd2 Nh6 8. c3 O-O 9. Nc4 Qc8 10. Ng5 f6 11. Qb3 Kh8 12. Nf3 Rb8 13. Ne3 Bh3 14. d4 cxd4 15. cxd4 Bxg2 16. Nxg2 f5 17. e5 dxe5 18. dxe5 Nf7 19. e6 Nd6 20. Bf4 Na5 21. Qd5 Qc6 22. Ne3 Qxd5 23. Nxd5 Bxb2 24. Nxe7 Nac4 25. Rad1 Rbe8 26. Bxd6 Nxd6 27. Nxg6+ hxg6 28. Rxd6 Ba3 29. Rd3 Bc5 30. Ng5 Kg7 31. Rfd1 f4 32. Rd7+ Kg8 33. Rf7 Re7 34. Ne4 Rxe6 35. Rxf8+ Bxf8 36. Ng5 Re2 37. Rd8 fxg3 38. hxg3 Kg7 39. Kf1 Re5 40. Rd7+ Re7 41. Ne6+ Kf7 42. Nd8+ Ke8 43. Rxe7+ Bxe7 44. Nxb7 Bb4 45. Ke2 Kd7 46. Kd3 Kc7 47. Kc4 Be1 48. Nc5 Bxf2 49. Ne4 1/2-1/2

[Event "CAN-op (Pinnacle 48th CAN Op Ch)"]
[Site "Toronto CAN"]
[Date "2011.07.10"]
[Round "2"]
[White "Gladstone, Simon"]
[Black "Shebetah, Wajdy"]
[Result "1/2-1/2"]
[WhiteElo "1935"]
[BlackElo "2194"]
[PlyCount "135"]
[GameId "2160767909707025"]
[EventDate "2011.07.09"]
[EventType "swiss"]
[EventRounds "9"]
[EventCountry "CAN"]
[SourceTitle "hb 2011"]

1. e4 e6 2. d4 d5 3. Nd2 Be7 4. Bd3 Nc6 5. Ngf3 Nb4 6. Be2 dxe4 7. Nxe4 Nf6 8. Nxf6+ Bxf6 9. c3 Nc6 10. Bf4 O-O 11. O-O b6 12. Bd3 Bb7 13. Qc2 h6 14. Rfe1 Ne7 15. Ne5 Nd5 16. Bg3 c5 17. dxc5 bxc5 18. Rad1 Qe7 19. Qe2 a6 20. Bb1 Rfd8 21. c4 Nb6 22. Qc2 g6 23. Qb3 Rxd1 24. Rxd1 Rd8 25. Rxd8+ Qxd8 26. Qd3 Qxd3 27. Bxd3 Kf8 28. b3 h5 29. h3 Ke7 30. Be2 Be4 31. Nd3 Nd7 32. f3 Bb7 33. Bf2 Kd6 34. Kf1 e5 35. Ke1 e4 36. fxe4 Bxe4 37. g3 Bc3+ 38. Kd1 Bf5 39. h4 Be4 40. Kc2 Ba5 41. Be3 Kc6 42. Bf4 Nf8 43. Kb2 f6 44. Nf2 Bg2 45. Bd3 f5 46. Be2 Bd8 47. Nd3 Bf6+ 48. Be5 Bxe5+ 49. Nxe5+ Kd6 50. Nd3 Be4 51. Nf4 a5 52. Kc3 Ke5 53. a3 Bb7 54. b4 axb4+ 55. axb4 cxb4+ 56. Kxb4 Kd4 57. Kb5 Ke3 58. c5 Kf2 59. Bxh5 gxh5 60. Nxh5 Ne6 61. Kb6 Bf3 62. Nf6 Kxg3 63. h5 f4 64. c6 Bxc6 65. Kxc6 f3 66. Ne4+ Kf4 67. Nf2 Kg5 68. Kd5 1/2-1/2

[Event "CAN-op (Pinnacle 48th CAN Op Ch)"]
[Site "Toronto CAN"]
[Date "2011.07.10"]
[Round "2"]
[White "Grecu, Veaceslav"]
[Black "Orlova, Yelizaveta"]
[Result "1-0"]
[WhiteElo "1900"]
[BlackElo "1934"]
[PlyCount "79"]
[GameId "2160767909707028"]
[EventDate "2011.07.09"]
[EventType "swiss"]
[EventRounds "9"]
[EventCountry "CAN"]
[SourceTitle "CBM 143 Extra"]
[Source "ChessBase"]
[SourceDate "2011.08.29"]
[SourceVersion "1"]
[SourceVersionDate "2011.08.29"]
[SourceQuality "1"]

1. b4 e6 2. Bb2 Nf6 3. a3 b6 4. Nf3 Bb7 5. e3 d6 6. Be2 Nbd7 7. c4 Be7 8. O-O O-O 9. Nc3 Ne8 10. e4 g6 11. d4 Ng7 12. Qb3 Kh8 13. Nd2 Bf6 14. Nd1 e5 15. d5 Bg5 16. Qc3 Rg8 17. g3 f5 18. f4 Bf6 19. Qe3 Qe7 20. Bf3 g5 21. Bg2 gxf4 22. gxf4 Nh5 23. fxe5 Nxe5 24. Rxf5 Bg5 25. Qf2 Nf4 26. Rxf4 Bxf4 27. Qxf4 Raf8 28. Qh6 Rf6 29. Qh5 Rfg6 30. Ne3 Qg7 31. Qe2 Qh6 32. Rf1 Bc8 33. Nf3 Qg7 34. Kh1 Bg4 35. Nxg4 Rxg4 36. Bh3 Rf4 37. Bf5 Qe7 38. Qe3 Qg7 39. Rg1 Qh6 40. Nxe5 1-0

[Event "CAN-op (Pinnacle 48th CAN Op Ch)"]
[Site "Toronto CAN"]
[Date "2011.07.10"]
[Round "2"]
[White "Inigo, Aquino"]
[Black "Serbanescu, Natasa"]
[Result "1/2-1/2"]
[WhiteElo "1962"]
[BlackElo "1829"]
[PlyCount "134"]
[GameId "2160767909707029"]
[EventDate "2011.07.09"]
[EventType "swiss"]
[EventRounds "9"]
[EventCountry "CAN"]
[SourceTitle "CBM 143 Extra"]
[Source "ChessBase"]
[SourceDate "2011.08.29"]
[SourceVersion "1"]
[SourceVersionDate "2011.08.29"]
[SourceQuality "1"]

1. d4 d5 2. c4 e6 3. Nc3 Nf6 4. Bg5 Nbd7 5. Nf3 c6 6. e3 Bb4 7. Qc2 Qa5 8. Nd2 dxc4 9. Bxf6 Nxf6 10. Nxc4 Qd8 11. Be2 O-O 12. O-O Nd5 13. Rfd1 b6 14. Ne5 Bb7 15. Nxd5 cxd5 16. Rac1 Bd6 17. Nf3 Qf6 18. Qa4 Rfd8 19. Rc2 g6 20. Ba6 Qe7 21. Rdc1 Kg7 22. g3 Qd7 23. Bb5 Qe7 24. Bc6 Bxc6 25. Rxc6 Rd7 26. a3 Rb8 27. Qc2 Rbb7 28. b4 b5 29. Qe2 a5 30. bxa5 Bxa3 31. Rb1 b4 32. a6 Ra7 33. Ne5 Rdc7 34. Rb6 Ra8 35. Nc6 Qe8 36. Nxb4 Qa4 37. Qa2 Qa5 38. Nc2 Qd2 39. Qxa3 Rxc2 40. Rf1 Ra2 41. Qd6 Qa5 42. Qe5+ Kg8 43. Rb7 Qxa6 44. Qc7 Rf8 45. Kg2 Qe2 46. Qf4 Rb2 47. Rd7 Qd3 48. Rc1 Qe4+ 49. Qxe4 dxe4 50. Ra7 Rb5 51. Rcc7 Rd5 52. Re7 h5 53. h3 Rf5 54. g4 hxg4 55. hxg4 Rd5 56. Kg3 g5 57. Reb7 Kg7 58. Rd7 Rxd7 59. Rxd7 Kg6 60. Rd6 Kg7 61. Ra6 Re8 62. Ra5 f6 63. f4 exf3 64. Kxf3 Re7 65. Ke4 Kg6 66. Ra6 Kf7 67. Kd3 Rd7 1/2-1/2

[Event "CAN-op (Pinnacle 48th CAN Op Ch)"]
[Site "Toronto CAN"]
[Date "2011.07.10"]
[Round "2"]
[White "Kagramanov, Dalia"]
[Black "Sharpe, Michael"]
[Result "1/2-1/2"]
[WhiteElo "2027"]
[BlackElo "1662"]
[PlyCount "88"]
[GameId "2160767909707030"]
[EventDate "2011.07.09"]
[EventType "swiss"]
[EventRounds "9"]
[EventCountry "CAN"]
[SourceTitle "EXT 2022"]
[Source "ChessBase"]
[SourceDate "2021.10.06"]
[SourceVersion "1"]
[SourceVersionDate "2021.10.06"]
[SourceQuality "1"]

1. e4 c5 2. Nf3 d6 3. d4 cxd4 4. Nxd4 Nf6 5. Nc3 a6 6. Be2 e5 7. Nb3 Be7 8. Be3 Be6 9. Qd2 Qc7 10. O-O O-O 11. Rad1 b5 12. f3 Rc8 13. Bd3 Bc4 14. a3 Nbd7 15. g4 Nb6 16. Qf2 Rab8 17. Nd2 d5 18. Nxc4 bxc4 19. g5 d4 20. gxf6 dxe3 21. Qg2 Bxf6 22. Be2 Rd8 23. Kh1 Rd2 24. Rxd2 exd2 25. Rd1 Rd8 26. Bf1 h6 27. Rxd2 Bg5 28. Rxd8+ Qxd8 29. Qe2 Qd2 30. Qxd2 Bxd2 31. Nd5 Nxd5 32. exd5 Bc1 33. Bxc4 Bxb2 34. Bxa6 Bxa3 35. Kg2 Kf8 36. Bd3 Ke7 37. Kf2 Kd6 38. c4 Bc5+ 39. Kg3 Ke7 40. Kg4 Kf6 41. h4 Bd6 42. Be4 Bc5 43. Bd3 Bd6 44. Be4 Bc5 1/2-1/2

[Event "CAN-op (Pinnacle 48th CAN Op Ch)"]
[Site "Toronto CAN"]
[Date "2011.07.10"]
[Round "2"]
[White "Knox, Christopher"]
[Black "Regan, Kenneth"]
[Result "1/2-1/2"]
[WhiteElo "2072"]
[BlackElo "2422"]
[PlyCount "227"]
[GameId "2160767909707032"]
[EventDate "2011.07.09"]
[EventType "swiss"]
[EventRounds "9"]
[EventCountry "CAN"]
[SourceTitle "EXT 2022"]
[Source "ChessBase"]
[SourceDate "2021.10.06"]
[SourceVersion "1"]
[SourceVersionDate "2021.10.06"]
[SourceQuality "1"]

1. d4 Nf6 2. Nf3 e6 3. e3 b6 4. Bd3 Bb7 5. O-O d5 6. b3 Bd6 7. Bb2 O-O 8. Ne5 Nc6 9. Nd2 Nb4 10. Be2 c5 11. a3 Nc6 12. Bd3 Ne7 13. Qf3 a5 14. Qh3 a4 15. dxc5 Bxe5 16. Bxe5 Ng6 17. Bd6 Ne7 18. Qh4 Re8 19. Be5 Ne4 20. Nxe4 dxe4 21. Bb5 Bc6 22. Bxc6 Nxc6 23. Qxe4 Nxe5 24. Qxe5 f6 25. Qd4 bxc5 26. Qxc5 Qc8 27. Qxc8 Rexc8 28. Rfc1 axb3 29. cxb3 Rxc1+ 30. Rxc1 Rxa3 31. Rb1 Kf7 32. g4 Ke7 33. h4 Kd6 34. Kg2 h5 35. gxh5 Ra5 36. h6 gxh6 37. Kg3 Ke5 38. b4 Rb5 39. Rc1 Rxb4 40. Rc5+ Ke4 41. Rh5 Rb8 42. Rxh6 Rg8+ 43. Kh3 Kf5 44. Rh5+ Ke4 45. Rh6 Kf5 46. f3 Rg1 47. Rh5+ Kg6 48. Ra5 Rh1+ 49. Kg3 Rg1+ 50. Kh2 Re1 51. e4 f5 52. exf5+ exf5 53. Ra8 Rb1 54. Kg3 Rh1 55. Ra6+ Kf7 56. Rh6 Kg7 57. Rb6 Kf7 58. Rb2 Kg6 59. Ra2 Kf6 60. Rc2 Kg6 61. Rc8 Kf7 62. Kf4 Rxh4+ 63. Kxf5 Rh5+ 64. Ke4 Ra5 65. Rd8 Ra6 66. f4 Rb6 67. Rh8 Ra6 68. Kf5 Ra5+ 69. Kg4 Ra6 70. Kg5 Rb6 71. Rh7+ Kf8 72. f5 Ra6 73. Rb7 Rc6 74. Rb2 Ra6 75. Rg2 Kf7 76. Kh5 Rb6 77. Kg5 Ra6 78. Rc2 Kf8 79. Rc5 Kf7 80. Rc8 Rb6 81. Rh8 Ra6 82. Rh7+ Kf8 83. Rh4 Kf7 84. Rh1 Rb6 85. Rg1 Ra6 86. Rf1 Rb6 87. Rf4 Ra6 88. Rb4 Kf8 89. Re4 Kf7 90. Rc4 Kf8 91. Rc8+ Kf7 92. Rb8 Rc6 93. Ra8 Rb6 94. Ra7+ Kf8 95. Ra5 Kf7 96. Kf4 Rb4+ 97. Ke5 Rb6 98. Ra7+ Kf8 99. Rd7 Ra6 100. Rd5 Kf7 101. Kd4 Kf6 102. Rb5 Ra4+ 103. Ke3 Rh4 104. Kf3 Ra4 105. Rc5 Rb4 106. Kg3 Ra4 107. Rd5 Rb4 108. Ra5 Kg5 109. Re5 Rg4+ 110. Kf3 Rf4+ 111. Ke3 Rxf5 112. Re4 Kf6 113. Rf4 Rxf4 114. Kxf4 1/2-1/2

[Event "CAN-op (Pinnacle 48th CAN Op Ch)"]
[Site "Toronto CAN"]
[Date "2011.07.10"]
[Round "2"]
[White "Larochelle, Martial"]
[Black "Cao, Jason"]
[Result "1/2-1/2"]
[WhiteElo "2214"]
[BlackElo "1908"]
[PlyCount "80"]
[GameId "2160767909707034"]
[EventDate "2011.07.09"]
[EventType "swiss"]
[EventRounds "9"]
[EventCountry "CAN"]
[SourceTitle "hb 2011"]

1. c4 Nf6 2. g3 g6 3. Bg2 Bg7 4. Nc3 O-O 5. d4 d6 6. Nf3 Nc6 7. O-O a6 8. b3 Rb8 9. Nd5 b5 10. Nxf6+ Bxf6 11. Bh6 Re8 12. Rc1 bxc4 13. Rxc4 Nb4 14. Bd2 Nd5 15. Qc2 Bb7 16. Ba5 Rc8 17. Rc1 Qd7 18. e4 Nb6 19. Rxc7 Qb5 20. Bxb6 Qxb6 21. d5 Qb5 22. Qd2 Qb6 23. R7c4 Rxc4 24. Rxc4 Rc8 25. Bf1 Rxc4 26. Bxc4 Bc8 27. Kg2 a5 28. Qf4 Qc7 29. Qe3 Bd7 30. Ng1 a4 31. f4 axb3 32. axb3 Bb2 33. Nf3 Qa5 34. e5 Qa2 35. Qe2 Bg4 36. h3 Bxf3+ 37. Kxf3 dxe5 38. fxe5 Qa1 39. Qf1 Qxf1+ 40. Bxf1 Bxe5 1/2-1/2

[Event "CAN-op (Pinnacle 48th CAN Op Ch)"]
[Site "Toronto CAN"]
[Date "2011.07.10"]
[Round "2"]
[White "Macak, Stefan"]
[Black "Patterson, Roger"]
[Result "1/2-1/2"]
[WhiteElo "2391"]
[BlackElo "2134"]
[PlyCount "98"]
[GameId "2160767909707035"]
[EventDate "2011.07.09"]
[EventType "swiss"]
[EventRounds "9"]
[EventCountry "CAN"]
[SourceTitle "EXT 2022"]
[Source "ChessBase"]
[SourceDate "2021.10.06"]
[SourceVersion "1"]
[SourceVersionDate "2021.10.06"]
[SourceQuality "1"]

1. Nc3 d5 2. e4 dxe4 3. Nxe4 e5 4. Bc4 Nc6 5. d3 Bb4+ 6. c3 Bd6 7. Nf3 Qe7 8. Qb3 h6 9. O-O Nf6 10. Nxd6+ cxd6 11. d4 O-O 12. dxe5 dxe5 13. Qc2 Bg4 14. Nd2 Rac8 15. Re1 Be6 16. Bf1 Qc5 17. Qa4 a6 18. Nb3 Qd6 19. Qh4 Bf5 20. Be3 Nd7 21. Rad1 Qg6 22. Nc5 Nxc5 23. Bxc5 Rfd8 24. Bb6 Rd6 25. Qg3 Qf6 26. Qf3 Ne7 27. Rxd6 Qxd6 28. Be3 Qc7 29. Rd1 Be6 30. a3 f5 31. Bc1 Nc6 32. Qg3 Kf7 33. Qh4 Rd8 34. Rxd8 Qxd8 35. Qxd8 Nxd8 36. f4 exf4 37. Bxf4 Bb3 38. Kf2 g5 39. Bc7 Nc6 40. Ke3 Ke6 41. c4 a5 42. Bb6 a4 43. Be2 f4+ 44. Kd3 Ne5+ 45. Kd4 g4 46. Bc7 f3 47. gxf3 gxf3 48. Bf1 Nxc4 49. Bf4 h5 1/2-1/2

[Event "CAN-op (Pinnacle 48th CAN Op Ch)"]
[Site "Toronto CAN"]
[Date "2011.07.10"]
[Round "2"]
[White "Manalo, Pepin"]
[Black "Florea, Alexandru"]
[Result "1-0"]
[WhiteElo "1769"]
[BlackElo "2065"]
[PlyCount "83"]
[GameId "2160767909707036"]
[EventDate "2011.07.09"]
[EventType "swiss"]
[EventRounds "9"]
[EventCountry "CAN"]
[SourceTitle "EXT 2022"]
[Source "ChessBase"]
[SourceDate "2021.10.06"]
[SourceVersion "1"]
[SourceVersionDate "2021.10.06"]
[SourceQuality "1"]

1. d4 Nf6 2. Nf3 d5 3. g3 e6 4. Bg2 Bd6 5. O-O O-O 6. Nc3 Bd7 7. Ne5 c5 8. e3 Bxe5 9. dxe5 Ne8 10. b3 f6 11. exf6 Nxf6 12. Bb2 Bc6 13. Qe2 Qc7 14. Bh3 Qe7 15. Rad1 Nbd7 16. Nb5 Ne8 17. f4 a6 18. Na3 Nd6 19. c4 Ne4 20. Nc2 Ndf6 21. Ne1 b5 22. cxd5 Bxd5 23. Nf3 c4 24. Nd4 c3 25. Bc1 b4 26. g4 h6 27. Bg2 a5 28. Bf3 a4 29. Qg2 axb3 30. axb3 Nc5 31. Bxd5 exd5 32. h4 Nfe4 33. g5 Kh7 34. g6+ Kh8 35. h5 Qh4 36. Nf3 Qxh5 37. Rd4 Nxb3 38. Rxb4 Nxc1 39. Rxc1 Rfb8 40. Rxb8+ Rxb8 41. Ne5 Rb2 42. Qxb2 1-0

[Event "CAN-op (Pinnacle 48th CAN Op Ch)"]
[Site "Toronto CAN"]
[Date "2011.07.10"]
[Round "2"]
[White "Mikhalevski, Victor"]
[Black "Strugach, Leonid"]
[Result "1-0"]
[WhiteElo "2664"]
[BlackElo "2324"]
[PlyCount "43"]
[GameId "2160767909707037"]
[EventDate "2011.07.09"]
[EventType "swiss"]
[EventRounds "9"]
[EventCountry "CAN"]

1. d4 Nf6 2. c4 e6 3. Nc3 Bb4 4. a3 Bxc3+ 5. bxc3 b6 6. Bg5 Bb7 7. Nf3 d6 8. Nd2 h6 9. Bh4 Nbd7 10. f3 c5 11. e4 e5 12. Bd3 O-O 13. O-O Re8 14. Re1 Nf8 15. Nf1 Ng6 16. Bf2 exd4 17. cxd4 cxd4 18. Bxd4 Ne5 19. Ne3 Nfd7 20. Bf1 Nc5 21. Nf5 Ne6 22. Bb2 1-0

[Event "CAN-op (Pinnacle 48th CAN Op Ch)"]
[Site "Toronto CAN"]
[Date "2011.07.10"]
[Round "2"]
[White "Morabito, Matthew"]
[Black "Karmalkar, Vilas"]
[Result "1-0"]
[WhiteElo "2016"]
[BlackElo "1608"]
[PlyCount "67"]
[GameId "2160767909707038"]
[EventDate "2011.07.09"]
[EventType "swiss"]
[EventRounds "9"]
[EventCountry "CAN"]
[SourceTitle "hb 2011"]

1. Nf3 f5 2. e4 fxe4 3. Ng5 Nf6 4. d3 exd3 5. Bxd3 g6 6. Nxh7 Rg8 7. Nxf8 Kxf8 8. Bh6+ Ke8 9. Qf3 d5 10. h3 Nc6 11. Qg3 Bf5 12. Na3 Bxd3 13. Qxd3 a6 14. O-O Qd6 15. Rad1 b5 16. c3 Kd7 17. Rfe1 g5 18. Qf3 Qf4 19. Qxf4 gxf4 20. Bxf4 e6 21. Nc2 Rae8 22. Be5 Rg6 23. Bxf6 Rxf6 24. Ne3 Ne7 25. c4 c6 26. Ng4 Rf5 27. Ne5+ Kd6 28. c5+ Kc7 29. b3 Rff8 30. Ng4 Kd7 31. Re2 Nf5 32. Ne5+ Kc7 33. Ng6 Nd4 34. Rxd4 1-0

[Event "CAN-op (Pinnacle 48th CAN Op Ch)"]
[Site "Toronto CAN"]
[Date "2011.07.10"]
[Round "2"]
[White "Nasir, Pi"]
[Black "Krupka, David"]
[Result "0-1"]
[WhiteElo "1599"]
[BlackElo "2019"]
[PlyCount "100"]
[GameId "2160767909707040"]
[EventDate "2011.07.09"]
[EventType "swiss"]
[EventRounds "9"]
[EventCountry "CAN"]
[SourceTitle "hb 2011"]

1. e4 c6 2. d4 d5 3. exd5 cxd5 4. Nf3 Nc6 5. c3 Bg4 6. Be2 e6 7. O-O Bd6 8. Be3 Qc7 9. Nbd2 Nf6 10. Re1 O-O 11. Nf1 Ne4 12. N3d2 Bxe2 13. Qxe2 Nxd2 14. Bxd2 Rab8 15. Qg4 Rbe8 16. f4 f5 17. Qf3 Nb8 18. Re2 Qf7 19. Be3 Rc8 20. Bf2 Nd7 21. Bh4 Rc6 22. Rae1 Bb8 23. Ne3 Nb6 24. h3 Nc8 25. Nf1 h6 26. Nd2 Re8 27. Nb3 Nd6 28. Nc1 Ne4 29. Nd3 Rec8 30. Bg3 Bd6 31. Bh2 b5 32. a3 a5 33. g4 Qa7 34. Kh1 b4 35. axb4 axb4 36. cxb4 Qxd4 37. Bg1 Qf6 38. Bc5 Kh7 39. Rg1 Nxc5 40. bxc5 Bxc5 41. Rgg2 Bd6 42. g5 hxg5 43. fxg5 Qg6 44. h4 Rc4 45. h5 Rh4+ 46. Kg1 Qe8 47. g6+ Kg8 48. Rg5 Qd7 49. Qf2 Re4 50. Kg2 Qe7 0-1

[Event "CAN-op (Pinnacle 48th CAN Op Ch)"]
[Site "Toronto CAN"]
[Date "2011.07.10"]
[Round "2"]
[White "Nicholson, Matthew"]
[Black "Castle, Larry"]
[Result "1-0"]
[WhiteElo "2029"]
[BlackElo "1724"]
[PlyCount "43"]
[GameId "2160767909707041"]
[EventDate "2011.07.09"]
[EventType "swiss"]
[EventRounds "9"]
[EventCountry "CAN"]

1. e4 c5 2. Nf3 d6 3. d4 cxd4 4. Nxd4 Nf6 5. Nc3 a6 6. Be3 e6 7. Qd2 Qc7 8. f3 Be7 9. O-O-O Nc6 10. g4 h6 11. h4 b5 12. Nxc6 Qxc6 13. Bd3 Nd7 14. Ne2 Bb7 15. Nd4 Qc7 16. g5 g6 17. h5 e5 18. hxg6 exd4 19. Bxd4 Bxg5 20. Qxg5 hxg5 21. Rxh8+ Ke7 22. g7 1-0